000 00943nam a2200229Ii 4500
003 JO-AjNU
008 230605s9999||||xx |||||||||||||| ||und||
017 _a2009/7/3347
020 _a978-9957-16-130-9
040 _aJO-AjNU
_bara
_erda
_cJO-AjNU
041 _aara
050 1 4 _aK7690.M397.2015
100 3 _a المواجدة، مراد محمود ,
_eauthor
_950745
245 0 0 _aالتحكيم في عقود الدولة ذات الطابع الدولي " دراسة مقارنة "
250 _aط2
264 3 1 _aعمان : دار الثقافة ، 2015
300 _a302ص
_bيشتمل على قائمة المراجع الببلوغرافية باللغة العربية والإنجليزية ص ( 291 - 302 )
336 _atext
_btxt
_2rdacontent
337 _aunmediated
_bn
_2rdamedia
338 _avolume
_bnc
_2rdacarrier
650 4 _aالتحكيم -- القانون الدولي -- العقود الحكومية
_950746
999 _aA22372
_c25940
_d25940